Statistics for Big Cats

Click here to take the quiz!

General Stats

  • This quiz has been taken 62,463 times
  • The average score is 6 of 9

Answer Stats

Max WeightFur Pattern and Other InfoCat% Correct
305 kg  (670 lbs)black stripes; roarsTiger
100%
250 kg  (550 lbs)plain; male has a large mane; roarsLion
99%
 95 kg  (210 lbs)small clusters of black spots; roarsLeopard (aka Panther)
93%
 72 kg  (160 lbs)black spots; can run over 110 km/h (70 mph)Cheetah
91%
100 kg  (220 lbs)plain; lives in rocky areas in AmericaCougar (aka Puma, etc.)
85%
160 kg  (350 lbs)clusters of black spots; roars; lives in AmericaJaguar
70%
 30 kg   (65 lbs)bobbed tail, tufted ears, long ruff, black spotsEurasian Lynx
59%
 55 kg  (120 lbs)light grey with small clusters of dark spotsSnow Leopard
28%
 23 kg   (50 lbs)large, dark irregularly-shaped blotchesSunda Clouded Leopard
9%

Score Distribution

Percentile by Number Answered

Percent of People with Each Score

Your Score History

You have not taken this quiz